Podľa Fica je Čarnogurský "škodnou" v rezorte spravodlivosti minister je podľa opozície majstrom pretvárky

Bibliographic Details
Main Author: Smolec, Maroš, 1974- (Author)
Format: Article
Language:Slovak
PhysicalDescription:Fotogr.
ISSN:1335-4698
Subjects:

MARC

LEADER 00000nab a2200000 a 4500
001 vtls000733038
003 SK-MaSNL
005 20260304015726.0
008 180206c2000 xo 0 slo
015 |a SNBRB2000/10-24495 
035 |a CLN000085147 
040 |a SNKBUCL  |b slo  |c SNKBUCL  |e AACR2 
041 0 |a slo 
044 |a xo  |c SK 
080 |a 328.1(437.6):061.3  |2 UDC-MRF-SK2 
100 1 |a Smolec, Maroš,  |d 1974-  |4 aut  |9 192878 
245 1 0 |a Podľa Fica je Čarnogurský "škodnou" v rezorte spravodlivosti  |b minister je podľa opozície majstrom pretvárky  |c Maroš Smolec 
300 |b Fotogr. 
610 1 7 |a Slovensko.  |b Národná rada  |2 snkbucl  |9 165573 
655 7 |a články z novín a časopisov  |2 snkbucl  |9 267496 
773 0 |x 1335-4698  |t Slovenská republika  |g Roč. 8, č. 207 (8.9.2000), s. 2 
850 |a Slovenská národná knižnica v Martine 
852 |a SNK  |b KIS3GCP 
958 |a RBX 
999 |c 2593613  |d 2595543